[Event "XIII Konik Morski Rewala - Open B"]
[Site "Rewal"]
[Date "2008.08.23"]
[Round "4"]
[White "Solnicki, Michal"]
[Black "Major, Boguslaw"]
[Result "1-0"]
[WhiteElo "2010"]
[BlackElo "1845"]
[PlyCount "103"]
[EventDate "2008.??.??"]

1. d4 Nf6 2. c4 g6 3. Nc3 d5 4. cxd5 Nxd5 5. g3 c6 6. Bg2 Bg7 7. e4 Nxc3 8.
bxc3 c5 9. Ne2 O-O 10. O-O Nc6 11. Be3 Qa5 12. Qb3 Rd8 13. Rad1 Bg4 14. f3 Bd7
15. Rfe1 cxd4 16. cxd4 e5 17. d5 Nd4 18. Nxd4 exd4 19. Bd2 Qa6 20. Bf1 Qa4 21.
Qxa4 Bxa4 22. Rb1 b6 23. Bd3 Rac8 24. Rec1 h6 25. Kf1 Bf8 26. Rxc8 Rxc8 27. Rc1
Rxc1+ 28. Bxc1 Bd1 29. Kf2 Kg7 30. Bf4 g5 31. Be5+ f6 32. Bxd4 h5 33. f4 g4 34.
Ke3 Kf7 35. Bc4 Ke7 36. Bc3 Bh6 37. Bb4+ Kd8 38. Bc3 Kd7 39. Kd4 Bg7 40. Bb4
Kd8 41. d6 a5 42. Bd2 Kd7 43. e5 Ba4 44. Bf7 Bc2 45. Kd5 Bb1 46. e6+ Kc8 47. a3
f5 48. e7 Kb7 49. d7 Bb2 50. d8=Q Ba2+ 51. Kd6 Bxa3+ 52. Kd7 1-0

[Event "XIII Konik Morski Rewala - Open B"]
[Site "Rewal"]
[Date "2008.08.23"]
[Round "4"]
[White "Wojtaszewski, Piotr"]
[Black "Kulas, Szymon"]
[Result "1-0"]
[WhiteElo "1998"]
[BlackElo "1845"]
[PlyCount "141"]
[EventDate "2008.??.??"]

1. e4 c5 2. Nc3 d6 3. f4 Nc6 4. Nf3 g6 5. Bc4 Bg7 6. O-O e6 7. d3 Nge7 8. Qe1
Nd4 9. Nxd4 cxd4 10. Ne2 O-O 11. Bb3 Bd7 12. Qg3 a5 13. a3 a4 14. Ba2 Rc8 15.
f5 exf5 16. Qxd6 Be6 17. Qxd8 Rfxd8 18. Bxe6 fxe6 19. Bg5 Rd7 20. Rac1 h6 21.
Bxe7 Rxe7 22. exf5 exf5 23. Nf4 Kh7 24. Nd5 Re2 25. Rf2 Re5 26. Nb4 Bf6 27. Kf1
Bg5 28. Re1 Rxe1+ 29. Kxe1 Bc1 30. Re2 h5 31. Re7+ Kh6 32. Rxb7 Bxb2 33. Ra7
Bxa3 34. Rxa4 Bxb4+ 35. Rxb4 Rxc2 36. Kf1 Rc1+ 37. Kf2 Rc2+ 38. Kf3 g5 39. h4
gxh4 40. Rxd4 Kg5 41. Rd8 Rc1 42. Rg8+ Kf6 43. Rf8+ Kg5 44. d4 Rc3+ 45. Kf2 Kf4
46. Rh8 Rc2+ 47. Kg1 Ke4 48. Rxh5 h3 49. Rh4+ f4 50. Rxh3 Kxd4 51. Kh2 Ke4 52.
Ra3 Re2 53. Ra4+ Kf5 54. Kh3 Re3+ 55. Kh4 Rg3 56. Ra5+ Ke4 57. Ra4+ Ke3 58.
Ra3+ Ke4 59. Rxg3 fxg3 60. Kxg3 Kf5 61. Kh4 Kg6 62. Kg4 Kh6 63. Kf5 Kg7 64. Kg5
Kf7 65. Kh6 Kf8 66. g4 Kg8 67. Kg6 Kh8 68. Kh6 Kg8 69. g5 Kh8 70. g6 Kg8 71. g7
1-0

[Event "XIII Konik Morski Rewala - Open B"]
[Site "Rewal"]
[Date "2008.08.23"]
[Round "4"]
[White "Gluszko, Monika"]
[Black "Witek, Pawel"]
[Result "1-0"]
[WhiteElo "1848"]
[BlackElo "1998"]
[PlyCount "43"]
[EventDate "2008.??.??"]

1. e4 d6 2. d4 g6 3. Nc3 Bg7 4. f4 e6 5. Nf3 Ne7 6. Be2 b6 7. O-O Bb7 8. Qe1
Nd7 9. Be3 a6 10. Rd1 h6 11. Nh4 c5 12. f5 g5 13. fxe6 Nf6 14. e5 Nfd5 15. Nxd5
Nxd5 16. exf7+ Kd7 17. dxc5 bxc5 18. Ng6 Bxe5 19. Nxe5+ dxe5 20. c4 Qb6 21. Bf3
Kc7 22. Bxd5 1-0

[Event "XIII Konik Morski Rewala - Open B"]
[Site "Rewal"]
[Date "2008.08.23"]
[Round "4"]
[White "Rosiak, Agata"]
[Black "Janicki, Jacek"]
[Result "1-0"]
[WhiteElo "1840"]
[BlackElo "1985"]
[PlyCount "61"]
[EventDate "2008.??.??"]

1. d4 Nf6 2. Nf3 g6 3. Bf4 Bg7 4. e3 d6 5. h3 O-O 6. Be2 Nbd7 7. O-O c5 8. c4
b6 9. Nc3 Bb7 10. d5 Ne8 11. Qd2 a6 12. e4 Ne5 13. Nxe5 dxe5 14. Bh6 Nd6 15.
Bxg7 Kxg7 16. f4 exf4 17. Qxf4 f6 18. e5 Nf5 19. e6 Nd4 20. Bd3 b5 21. b3 bxc4
22. bxc4 Qa5 23. Ne4 Qa3 24. Qd2 Rab8 25. Rf4 Bxd5 26. cxd5 Rb2 27. Qd1 c4 28.
Bxc4 Qe3+ 29. Rf2 f5 30. Qe1 Qxe1+ 31. Rxe1 1-0

[Event "XIII Konik Morski Rewala - Open B"]
[Site "Rewal"]
[Date "2008.08.23"]
[Round "4"]
[White "Wasik, Piotr"]
[Black "Zadlo, Anna"]
[Result "1-0"]
[WhiteElo "1973"]
[BlackElo "1785"]
[PlyCount "67"]
[EventDate "2008.??.??"]

1. e4 c5 2. Nf3 e6 3. d4 cxd4 4. Nxd4 Qb6 5. Be3 Bc5 6. Nc3 Nc6 7. Na4 Qa5+ 8.
c3 Bxd4 9. Bxd4 Nxd4 10. Qxd4 e5 11. Qd1 Nf6 12. b4 Qc7 13. f3 d6 14. Bb5+ Ke7
15. Qd2 Be6 16. O-O Rhd8 17. Rfd1 Kf8 18. Be2 b6 19. Nb2 d5 20. exd5 Rxd5 21.
Qe3 Rad8 22. Rdc1 Bf5 23. c4 Rd2 24. Nd1 e4 25. Nf2 exf3 26. Bxf3 Bc2 27. Bd5
Rxf2 28. Qxf2 Bg6 29. Bf3 Qf4 30. Rc3 Rd2 31. Qe3 Qd6 32. c5 bxc5 33. bxc5 Qd8
34. c6 1-0

[Event "XIII Konik Morski Rewala - Open B"]
[Site "Rewal"]
[Date "2008.08.23"]
[Round "4"]
[White "Botor, Michal"]
[Black "Poswiatowski, Michal"]
[Result "0-1"]
[WhiteElo "1948"]
[BlackElo "1775"]
[PlyCount "52"]
[EventDate "2008.??.??"]

1. e4 c5 2. Nf3 d6 3. d4 cxd4 4. Nxd4 Nf6 5. Nc3 g6 6. Be3 Bg7 7. f3 O-O 8. Qd2
Nc6 9. O-O-O Nxd4 10. Bxd4 Be6 11. g4 Qa5 12. a3 Rfc8 13. h4 Rab8 14. h5 b5 15.
hxg6 hxg6 16. g5 Nh5 17. Bxg7 Kxg7 18. Bh3 Bxh3 19. Rxh3 b4 20. Nd5 Qa4 21.
Nxe7 bxa3 22. b3 Rxb3 23. Qd4+ Qxd4 24. Rxd4 a2 25. Ra4 Rb1+ 26. Kd2 Re8 0-1

[Event "XIII Konik Morski Rewala - Open B"]
[Site "Rewal"]
[Date "2008.08.23"]
[Round "4"]
[White "Laszewski, Kazimierz"]
[Black "Glatty, Zbigniew"]
[Result "0-1"]
[WhiteElo "1822"]
[BlackElo "1903"]
[PlyCount "120"]
[EventDate "2008.??.??"]

1. e4 e5 2. Nf3 Nc6 3. Bb5 a6 4. Ba4 Nf6 5. O-O Be7 6. d3 b5 7. Bb3 d6 8. h3
Na5 9. Nc3 Bb7 10. Bd2 c5 11. Qe1 O-O 12. Bd5 Bxd5 13. Nxd5 Nc6 14. Ne3 g6 15.
Nh2 Nh5 16. Nd5 Bg5 17. Nf3 Bxd2 18. Qxd2 Kg7 19. c3 h6 20. Nh2 Ne7 21. Ng4 g5
22. Nge3 Nxd5 23. Nf5+ Kg6 24. exd5 Kxf5 25. g4+ Kg6 26. gxh5+ Kxh5 27. c4 Kg6
28. b4 Qb6 29. Rac1 Rfc8 30. Qe3 Rab8 31. bxc5 Qxc5 32. Qe2 f5 33. Rc2 Qd4 34.
Rfc1 Rc5 35. Kg2 e4 36. dxe4 Qxe4+ 37. Qxe4 fxe4 38. cxb5 Rbxb5 39. Rxc5 Rxc5
40. Rd1 Kf5 41. Rd4 Ke5 42. Ra4 a5 43. f3 exf3+ 44. Kxf3 h5 45. Ra3 Kxd5 46.
Rb3 Kc4 47. Rb8 d5 48. Rh8 h4 49. Rb8 d4 50. Rb3 Re5 51. Rb8 Kc3 52. Rc8+ Kd2
53. Kf2 Rf5+ 54. Kg2 d3 55. Rc6 Kd1 56. Rc7 d2 57. a4 Ke2 58. Re7+ Kd3 59. Rd7+
Kc3 60. Rc7+ Kd4 0-1

[Event "XIII Konik Morski Rewala - Open B"]
[Site "Rewal"]
[Date "2008.08.23"]
[Round "4"]
[White "Statucki, Maciej"]
[Black "Gasiorek, Dariusz"]
[Result "1-0"]
[WhiteElo "1568"]
[BlackElo "1876"]
[PlyCount "111"]
[EventDate "2008.??.??"]

1. e4 e5 2. Nf3 Nc6 3. Bb5 a6 4. Ba4 Nf6 5. O-O Be7 6. Re1 b5 7. Bb3 O-O 8. h3
d6 9. c3 Na5 10. Bc2 c5 11. d4 Qc7 12. b3 cxd4 13. cxd4 Nc6 14. a3 exd4 15. Bb2
Bb7 16. Nbd2 Rac8 17. Rc1 Nd7 18. Nf1 Bf6 19. Bb1 Qb6 20. Ng3 g6 21. Qd2 Nc5
22. Bc2 Ne6 23. Ne2 Rc7 24. Nf4 Nxf4 25. Qxf4 Be5 26. Qh4 Kg7 27. g4 h6 28.
Nxe5 dxe5 29. Rcd1 Na5 30. Re2 Rfc8 31. Rdd2 Qe6 32. Qg3 Bc6 33. f4 f6 34. f5
Qf7 35. fxg6 Qxg6 36. h4 Nb7 37. h5 Qg5 38. Bc1 Bd7 39. Qe1 Kf7 40. Rg2 Qg7 41.
Rdf2 Ke8 42. Qd2 Rc3 43. Qxh6 Qxh6 44. Bxh6 d3 45. Bd1 Ke7 46. Bg7 Rc1 47. Rf1
Kf7 48. h6 R8c6 49. g5 Bh3 50. g6+ Kg8 51. Rh2 Rc8 52. Rxh3 Nd6 53. Bxf6 Nf7
54. h7+ Kf8 55. h8=Q+ Nxh8 56. Rxh8# 1-0

[Event "XIII Konik Morski Rewala - Open B"]
[Site "Rewal"]
[Date "2008.08.23"]
[Round "4"]
[White "Sokolowski, Krzysztof"]
[Black "Delekta, Anna"]
[Result "1-0"]
[WhiteElo "2021"]
[BlackElo "1706"]
[PlyCount "77"]
[EventDate "2008.??.??"]

1. e4 c5 2. Nf3 Nc6 3. Nc3 d6 4. d4 cxd4 5. Nxd4 g6 6. Be3 Bg7 7. Qd2 Bd7 8.
Be2 Nf6 9. O-O a6 10. a4 O-O 11. Nb3 Ne8 12. a5 f5 13. Rfd1 fxe4 14. Nxe4 Bxb2
15. Rab1 Bg7 16. Bc4+ Kh8 17. Ng5 Ne5 18. Bd5 Bc6 19. Ne6 Qc8 20. Nxf8 Bxf8 21.
f4 Ng4 22. Bd4+ e5 23. Bb6 Bxd5 24. Qxd5 exf4 25. Qf7 Nef6 26. h3 Ne3 27. Bxe3
fxe3 28. Qxf6+ Bg7 29. Qxd6 Qxc2 30. Qd3 Qf2+ 31. Kh1 Re8 32. Rf1 Qg3 33. Rf3
Qe5 34. Re1 e2 35. Rf2 Qc7 36. Rfxe2 Rf8 37. Re8 Qf4 38. Rxf8+ Bxf8 39. Rf1 1-0

[Event "XIII Konik Morski Rewala - Open B"]
[Site "Rewal"]
[Date "2008.08.23"]
[Round "4"]
[White "Brudzinski, Maciej"]
[Black "Zawada, Jozef"]
[Result "1-0"]
[WhiteElo "2092"]
[BlackElo "1878"]
[PlyCount "97"]
[EventDate "2008.??.??"]

1. e4 d6 2. d4 Nf6 3. Bd3 e5 4. c3 Nc6 5. Bc2 Bg4 6. f3 Bh5 7. Ne2 h6 8. Be3 a6
9. Nd2 Bg6 10. Ng3 d5 11. Qe2 Qd7 12. exd5 Nxd5 13. Bxg6 fxg6 14. dxe5 Nxe3 15.
Qxe3 O-O-O 16. f4 Re8 17. h4 Qg4 18. Nde4 Be7 19. Nf2 Qe6 20. Nge4 Rhf8 21. Nd3
Qg4 22. Qh3 Qxh3 23. Rxh3 g5 24. hxg5 hxg5 25. fxg5 Nxe5 26. O-O-O Nxd3+ 27.
Rdxd3 Rf5 28. Rdg3 Bd6 29. Rg4 Rfe5 30. Rhh4 Rf8 31. Rh7 Rfe8 32. Rhh4 Kd7 33.
Kc2 Ke6 34. b4 b6 35. c4 Kf5 36. Kd3 Kg6 37. Rh3 c5 38. a3 Rf8 39. Rf3 Rff5 40.
Rgf4 Be7 41. bxc5 Bxc5 42. Nxc5 Rxc5 43. Rxf5 Rxf5 44. Rxf5 Kxf5 45. Kd4 Kxg5
46. Kd5 Kf4 47. Kc6 b5 48. c5 Ke5 49. Kb6 1-0

[Event "XIII Konik Morski Rewala - Open B"]
[Site "Rewal"]
[Date "2008.08.23"]
[Round "4"]
[White "Skwarnicki, Adam"]
[Black "Malec, Sebastian"]
[Result "1/2-1/2"]
[WhiteElo "2053"]
[BlackElo "1798"]
[PlyCount "153"]
[EventDate "2008.??.??"]

1. d4 d5 2. c4 e6 3. Nf3 c6 4. g3 dxc4 5. Bg2 b5 6. Ne5 Bb7 7. a4 f6 8. Nf3 a6
9. b3 cxb3 10. Qxb3 Qd5 11. Qc2 Bb4+ 12. Bd2 Bxd2+ 13. Nbxd2 Ne7 14. O-O O-O
15. h4 Qd8 16. e4 a5 17. Qb3 Qd7 18. Bh3 Bc8 19. d5 cxd5 20. Nd4 f5 21. exf5
bxa4 22. fxe6 axb3 23. exd7 Bxd7 24. Bxd7 Nxd7 25. N2xb3 a4 26. Nd2 Kf7 27. Ra3
Rfb8 28. Rc1 Rb7 29. N2f3 h6 30. g4 g6 31. Kg2 Ra6 32. Rca1 Nc5 33. Ne5+ Kf6
34. Re1 Rb4 35. Rf3+ Kg7 36. Nd3 Nxd3 37. Rxe7+ Kg8 38. Rxd3 a3 39. Rc3 Kf8 40.
Rh7 Rc4 41. Rb3 Kg8 42. Rd7 Rc8 43. Rbb7 a2 44. Rg7+ Kf8 45. Rgf7+ Ke8 46. Ra7
Rxa7 47. Rxa7 Rc4 48. Ne6 Rxg4+ 49. Kh3 Re4 50. Nc7+ Kd8 51. Nxd5 Rd4 52. Ne3
Rd2 53. Kg3 Kc8 54. Nc4 Rc2 55. Nd6+ Kb8 56. Ra4 Kc7 57. Nf7 Kb6 58. Nxh6 Kb5
59. Ra8 Kb4 60. Rb8+ Kc3 61. Ra8 Kb2 62. Rxa2+ Kxa2 63. Nf7 Rc5 64. f4 Rf5 65.
Ne5 Rf6 66. Kg4 Kb3 67. Kg5 Rf5+ 68. Kg4 Rf6 69. Nd7 Rf5 70. Ne5 Rf6 71. Nxg6
Rxg6+ 72. Kf5 Ra6 73. h5 Kc4 74. Kg5 Kd5 75. h6 Ke6 76. Kg6 Ke7+ 77. Kg7
1/2-1/2

[Event "XIII Konik Morski Rewala - Open B"]
[Site "Rewal"]
[Date "2008.08.23"]
[Round "4"]
[White "Furman, Justyna"]
[Black "Szewczyk, Janusz"]
[Result "1-0"]
[WhiteElo "1785"]
[BlackElo "2048"]
[PlyCount "117"]
[EventDate "2008.??.??"]

1. e4 e5 2. Nc3 Nf6 3. f4 exf4 4. Nf3 Bc5 5. d4 Bb4 6. Bd3 d5 7. exd5 Qe7+ 8.
Qe2 Qxe2+ 9. Kxe2 Bxc3 10. bxc3 Nxd5 11. c4 Ne3 12. Bxe3 fxe3 13. Kxe3 O-O 14.
Rab1 b6 15. Be4 c6 16. Ne5 Re8 17. Kd3 f6 18. Nxc6 Rxe4 19. Kxe4 Nxc6 20. Rb3
Bb7 21. d5 Re8+ 22. Kd3 Ne5+ 23. Kd4 Rc8 24. Rc3 Rc5 25. Rb1 Kf7 26. Rb5 Nd7
27. Ra3 a6 28. Rxb6 Rxc4+ 29. Kxc4 Nxb6+ 30. Kc5 Nd7+ 31. Kd4 Ke7 32. c4 Kd6
33. Rb3 Kc7 34. c5 Ne5 35. c6 Nxc6+ 36. dxc6 Bxc6 37. g3 a5 38. Kc5 a4 39. Re3
Kd7 40. a3 f5 41. Rd3+ Kc7 42. Rd6 Be4 43. Ra6 Bc2 44. Ra7+ Kd8 45. Rxg7 h6 46.
Rh7 f4 47. Rh8+ Ke7 48. gxf4 Kf6 49. Rxh6+ Kf5 50. Kb4 Kxf4 51. Ra6 Kg4 52.
Rxa4 Kh3 53. Ra7 Kxh2 54. Rg7 Kh3 55. a4 Kh4 56. a5 Bd3 57. Kc5 Kh5 58. Kb6 Kh6
59. Rg1 1-0

[Event "XIII Konik Morski Rewala - Open B"]
[Site "Rewal"]
[Date "2008.08.23"]
[Round "4"]
[White "Misztal, Piotr"]
[Black "Giemza, Joanna"]
[Result "1/2-1/2"]
[WhiteElo "1806"]
[BlackElo "2024"]
[PlyCount "55"]
[EventDate "2008.??.??"]

1. e4 e6 2. d4 d5 3. Nd2 a6 4. e5 c5 5. c3 Nc6 6. Nb3 cxd4 7. cxd4 Nge7 8. f4
Nf5 9. Nf3 Qb6 10. Be2 h5 11. O-O Bd7 12. Kh1 Be7 13. Bd3 g6 14. Bxf5 gxf5 15.
Be3 f6 16. Qd2 O-O-O 17. Rac1 Kb8 18. Nc5 Qa5 19. Qxa5 Nxa5 20. exf6 Bxf6 21.
Ne5 Bxe5 22. dxe5 Nc4 23. Bf2 Rh7 24. Rc2 Rg7 25. Bg1 Bc8 26. Nd3 Bd7 27. Nc5
Bc8 28. Nd3 1/2-1/2

[Event "XIII Konik Morski Rewala - Open B"]
[Site "Rewal"]
[Date "2008.08.23"]
[Round "4"]
[White "Gora, Jan"]
[Black "Markiewicz, Mateusz"]
[Result "0-1"]
[WhiteElo "1678"]
[BlackElo "2013"]
[PlyCount "70"]
[EventDate "2008.??.??"]

1. e4 d5 2. exd5 Nf6 3. d4 Nxd5 4. c4 Nb6 5. b3 g6 6. Bb2 Bg7 7. Qd2 O-O 8. Nf3
Bg4 9. Be2 e6 10. Ne5 Bxe2 11. Qxe2 Nc6 12. Nxc6 bxc6 13. c5 Nc8 14. Qd2 Qd5
15. O-O Rd8 16. Rd1 Ne7 17. Qe1 Qg5 18. Nd2 Nf5 19. Nf3 Qe7 20. Ne5 Bxe5 21.
Qxe5 Rd5 22. Qf4 h5 23. Rd2 Rad8 24. Rad1 Kh7 25. Rd3 e5 26. Qe4 Qd7 27. g4
Nxd4 28. Bxd4 Qxg4+ 29. Qxg4 hxg4 30. f4 Rxd4 31. Rxd4 Rxd4 32. Re1 e4 33. Re2
Kg7 34. Kf2 f5 35. Rc2 Kh6 0-1

[Event "XIII Konik Morski Rewala - Open B"]
[Site "Rewal"]
[Date "2008.08.23"]
[Round "4"]
[White "Ni, Polina"]
[Black "Suwara, Piotr"]
[Result "1-0"]
[WhiteElo "1925"]
[BlackElo "1778"]
[PlyCount "79"]
[EventDate "2008.??.??"]

1. e4 c5 2. Nf3 d6 3. d4 cxd4 4. Nxd4 Nf6 5. Nc3 e6 6. Be3 a6 7. Bc4 Nc6 8. Qe2
Be7 9. O-O-O Bd7 10. f3 Qa5 11. Nb3 Qc7 12. g4 b5 13. Bd3 O-O 14. g5 Ne8 15.
Qg2 b4 16. Ne2 a5 17. Nbd4 Ne5 18. f4 Nxd3+ 19. Rxd3 e5 20. Nf5 Be6 21. Nxe7+
Qxe7 22. Kb1 Bc4 23. Rd2 a4 24. f5 Nc7 25. h4 Nb5 26. Nc1 Qb7 27. h5 b3 28. Ka1
Rfc8 29. g6 fxg6 30. hxg6 h6 31. Bxh6 bxa2 32. Bg5 Nc3 33. Rh8+ Kxh8 34. Qh3+
Kg8 35. Qxc3 Qxe4 36. Rh2 d5 37. Rh8+ Kxh8 38. Qh3+ Kg8 39. Qh7+ Kf8 40. Qh8#
1-0

[Event "XIII Konik Morski Rewala - Open B"]
[Site "Rewal"]
[Date "2008.08.23"]
[Round "4"]
[White "Wozniak, Bartosz"]
[Black "Borowiak, Aleksander"]
[Result "1/2-1/2"]
[WhiteElo "1737"]
[BlackElo "1885"]
[PlyCount "65"]
[EventDate "2008.??.??"]

1. e4 d5 2. exd5 Qxd5 3. Nc3 Qa5 4. d4 Nf6 5. Bd2 c6 6. Nf3 Bf5 7. Bc4 e6 8.
O-O Nbd7 9. Qe2 Bb4 10. a3 Bxc3 11. Bxc3 Qc7 12. Rfe1 O-O 13. Rad1 Ne4 14. Qe3
Nxc3 15. Qxc3 h6 16. h3 Nf6 17. Bd3 Bxd3 18. Qxd3 Rfd8 19. Qe2 Rac8 20. c3 c5
21. dxc5 Qxc5 22. Nd4 a6 23. Nb3 Qb6 24. Qc2 Qc7 25. Nd4 b5 26. Qe2 Qb6 27. Rd3
Rd5 28. Rg3 a5 29. Qf3 Qd8 30. b4 axb4 31. axb4 Nh5 32. Rg4 Nf6 33. Rg3 1/2-1/2

[Event "XIII Konik Morski Rewala - Open B"]
[Site "Rewal"]
[Date "2008.08.23"]
[Round "4"]
[White "Wasik, Jozef"]
[Black "Sieliwonik, Katarzyna"]
[Result "1/2-1/2"]
[WhiteElo "1881"]
[BlackElo "1676"]
[PlyCount "102"]
[EventDate "2008.??.??"]

1. d4 d5 2. Nf3 Nf6 3. Bg5 e6 4. e3 Nbd7 5. Bd3 Be7 6. Nbd2 O-O 7. O-O c5 8. c3
b6 9. Qe2 Bb7 10. Rad1 Qc7 11. Bf4 Bd6 12. Bxd6 Qxd6 13. Nh4 e5 14. Nf5 Qe6 15.
dxe5 Nxe5 16. Bc2 g6 17. Ng3 Rad8 18. h3 d4 19. exd4 cxd4 20. cxd4 Rxd4 21. f4
Nc6 22. Qxe6 fxe6 23. Bb3 Nd5 24. Ne2 Rd3 25. Bc2 Re3 26. Kf2 Rxe2+ 27. Kxe2
Ba6+ 28. Kf2 Bxf1 29. Nxf1 Rxf4+ 30. Kg3 Nd4 31. Bd3 Kf8 32. Ba6 Nf5+ 33. Kh2
Rf2 34. Rd2 Rxd2 35. Nxd2 Ke7 36. Ne4 Nb4 37. Bc4 Ne3 38. Bb3 h6 39. Nf2 Nf1+
40. Kg1 Nd2 41. Nd1 Nxb3 42. axb3 Kd6 43. Kf2 Ke5 44. Ke3 Nc2+ 45. Kd2 Nd4 46.
b4 Kf4 47. Kd3 Nf5 48. Nc3 Nd6 49. Kd4 h5 50. Ne2+ Kf5 51. Ng3+ Kf4 1/2-1/2

[Event "XIII Konik Morski Rewala - Open B"]
[Site "Rewal"]
[Date "2008.08.23"]
[Round "4"]
[White "Turcheniac, Mariya"]
[Black "Dubrawska, Greta"]
[Result "1/2-1/2"]
[WhiteElo "2024"]
[BlackElo "1568"]
[PlyCount "115"]
[EventDate "2008.??.??"]

1. e4 c6 2. d4 d5 3. Nc3 dxe4 4. Nxe4 Bf5 5. Ng3 Bg6 6. h4 h6 7. Nf3 Nd7 8. h5
Bh7 9. Bd3 Bxd3 10. Qxd3 Ngf6 11. Bd2 e6 12. c3 Qc7 13. Ne4 O-O-O 14. b4 Nxe4
15. Qxe4 Nf6 16. Qe2 Bd6 17. a4 Rhe8 18. Ne5 Nd5 19. b5 Bxe5 20. dxe5 Ne7 21.
c4 Rd7 22. a5 a6 23. bxa6 bxa6 24. Rb1 Red8 25. Rb2 Rxd2 26. Rxd2 Qxa5 27. Rh3
Rxd2 28. Qxd2 Qxe5+ 29. Qe2 Qa1+ 30. Qd1 Qa5+ 31. Kf1 Qc5 32. Rc3 Nd5 33. Rc1
Nf6 34. Qf3 a5 35. g4 Kc7 36. Qf4+ Qd6 37. Qxd6+ Kxd6 38. c5+ Kd5 39. f3 a4 40.
Ra1 Kxc5 41. Rxa4 Kd6 42. Ke2 e5 43. Ra7 Nd7 44. Ke3 Ke6 45. Rc7 Kd6 46. Rc8
Nf6 47. Rd8+ Ke7 48. Ra8 Kd6 49. Ra7 Nd7 50. Ke4 Ke6 51. Kd3 Kd6 52. Ke3 Ke7
53. Rc7 Kd6 54. Rc8 Nf6 55. Rf8 Ke7 56. Rc8 Kd7 57. Rf8 Ke7 58. Rc8 1/2-1/2

[Event "XIII Konik Morski Rewala - Open B"]
[Site "Rewal"]
[Date "2008.08.23"]
[Round "4"]
[White "Kuciapa, Andre"]
[Black "Paterek, Diana"]
[Result "1-0"]
[WhiteElo "1887"]
[BlackElo "1429"]
[PlyCount "87"]
[EventDate "2008.??.??"]

1. e4 c6 2. d4 d5 3. exd5 cxd5 4. Nc3 Bf5 5. Nf3 Nf6 6. Be2 a6 7. h3 e6 8. Nh4
Be4 9. Nxe4 Nxe4 10. Nf3 Nd7 11. c3 Be7 12. Be3 Qb6 13. Qc2 O-O 14. O-O h6 15.
Bd3 Ndf6 16. Nd2 Nd6 17. Rab1 Rac8 18. Rfc1 Rc6 19. Qd1 Rfc8 20. c4 Qd8 21. c5
Nde8 22. b4 Ra8 23. a4 Rcc8 24. b5 axb5 25. Rxb5 Qc7 26. Rcb1 Ra7 27. Qb3 Bd8
28. Rxb7 Rxb7 29. Qxb7 Qxb7 30. Rxb7 Rc7 31. Rxc7 Bxc7 32. Nb3 Kf8 33. a5 Bb8
34. a6 Ke7 35. Na5 Kd7 36. Bb5+ Kc8 37. Bc6 g5 38. Bb7+ Kc7 39. h4 Nh7 40. Bd2
Ba7 41. Nc6 Bxc5 42. dxc5 Kd7 43. Ne5+ Ke7 44. Ba5 1-0

[Event "XIII Konik Morski Rewala - Open B"]
[Site "Rewal"]
[Date "2008.08.23"]
[Round "4"]
[White "Wieclawska, Katarzyna"]
[Black "Krzysztofiak, Zdzislaw"]
[Result "0-1"]
[WhiteElo "1555"]
[BlackElo "1734"]
[PlyCount "70"]
[EventDate "2008.??.??"]

1. d4 Nf6 2. c4 e6 3. Nf3 d5 4. Nc3 b6 5. Bg5 Be7 6. e3 Ba6 7. Ne5 O-O 8. Be2
Qd6 9. Bf3 c6 10. Qa4 Rc8 11. b4 Qxb4 12. Qxb4 Bxb4 13. Rc1 Ne4 14. Bxe4 dxe4
15. Ng4 Bxc4 16. a4 f6 17. Bxf6 gxf6 18. Nxf6+ Kf7 19. Nfxe4 Rg8 20. Rg1 Nd7
21. h4 Nf6 22. Nxf6 Kxf6 23. g4 Bb3 24. f4 Bxa4 25. Ke2 Bxc3 26. Rxc3 Bb5+ 27.
Kd2 a5 28. h5 h6 29. e4 a4 30. e5+ Ke7 31. g5 Raf8 32. Ke3 Rf5 33. Rc2 hxg5 34.
fxg5 Rfxg5 35. Rxg5 Rxg5 0-1

[Event "XIII Konik Morski Rewala - Open B"]
[Site "Rewal"]
[Date "2008.08.23"]
[Round "5"]
[White "Czarnecki, Wojciech"]
[Black "Hasinski, Krystian"]
[Result "1-0"]
[WhiteElo "2056"]
[BlackElo "1990"]
[PlyCount "105"]
[EventDate "2008.??.??"]

1. d4 f5 2. Nf3 Nf6 3. e3 e6 4. Be2 Be7 5. O-O O-O 6. c4 b6 7. Nc3 Bb7 8. a3 d5
9. b4 Ne4 10. Bb2 Nd7 11. Ne5 Nxe5 12. dxe5 Nxc3 13. Bxc3 c6 14. Qb3 Qe8 15. a4
f4 16. Bd2 Bg5 17. Bf3 fxe3 18. Bxe3 Bxe3 19. Qxe3 Qg6 20. Rad1 Rf7 21. Be2 c5
22. bxc5 d4 23. Qh3 bxc5 24. Bh5 Qf5 25. Bg4 Qxe5 26. Bxe6 Raf8 27. Rfe1 Qf6
28. Bxf7+ Qxf7 29. Qe6 Rc8 30. Rb1 Qxe6 31. Rxe6 Kf7 32. Re5 Rc7 33. Rb5 d3 34.
Rb2 Ba6 35. Re4 Re7 36. Rxe7+ Kxe7 37. f4 Bxc4 38. Kf2 Ba6 39. Ke3 Kd6 40. Rb8
c4 41. Kd2 Kd5 42. Rd8+ Ke4 43. g3 Bb7 44. Rd7 Bd5 45. Kc3 g6 46. Rxa7 h5 47.
Rd7 Be6 48. Rd6 Bf7 49. a5 h4 50. gxh4 Bd5 51. a6 d2 52. Kxd2 Kd4 53. Rxd5+ 1-0

[Event "XIII Konik Morski Rewala - Open B"]
[Site "Rewal"]
[Date "2008.08.23"]
[Round "5"]
[White "Kumor, Lukasz"]
[Black "Plicner, Adam"]
[Result "1-0"]
[WhiteElo "2064"]
[BlackElo "2060"]
[PlyCount "95"]
[EventDate "2008.??.??"]

1. e4 c5 2. Nc3 g6 3. g3 Bg7 4. Bg2 d6 5. d3 Nf6 6. Nge2 Nc6 7. O-O O-O 8. h3
Rb8 9. Be3 b5 10. d4 b4 11. e5 dxe5 12. dxe5 Nxe5 13. Qxd8 Rxd8 14. Na4 Ba6 15.
Rfe1 Ned7 16. Nxc5 Nxc5 17. Bxc5 Rbc8 18. Bxa7 e5 19. c3 Rd2 20. Bf1 Rxb2 21.
cxb4 Ne4 22. Rac1 Re8 23. Rc7 Nd2 24. Bg2 Rd8 25. Nc3 Rxb4 26. Nd5 Rb2 27. Ra1
e4 28. Ne7+ Kh8 29. Re1 f5 30. Nc6 Ra8 31. Rxg7 Rb7 32. Rxb7 Bxb7 33. Bd4+ Kg8
34. Nb4 Ra4 35. Bc3 Nc4 36. Rc1 Ba8 37. Rd1 Ra3 38. Be1 Ra4 39. Kh2 h5 40. Bf1
Nb6 41. Rd4 Kf8 42. Bb5 Ra5 43. Be2 Nd5 44. Nxd5 Rxa2 45. Nc7 e3 46. Rd8+ Ke7
47. Rxa8 Rxe2 48. Bb4+ 1-0

[Event "XIII Konik Morski Rewala - Open B"]
[Site "Rewal"]
[Date "2008.08.23"]
[Round "5"]
[White "Liberadzki, Slawomir"]
[Black "Solnicki, Michal"]
[Result "0-1"]
[WhiteElo "1969"]
[BlackElo "2010"]
[PlyCount "48"]
[EventDate "2008.??.??"]

1. e4 c5 2. c3 g6 3. d4 cxd4 4. cxd4 d5 5. e5 Nc6 6. Nc3 Bg7 7. Be2 Nh6 8. h3
O-O 9. Bf3 Nf5 10. Nge2 e6 11. Be3 f6 12. exf6 Qxf6 13. Nb5 Nxe3 14. fxe3 Qh4+
15. Kd2 Bd7 16. Nbc3 Bh6 17. Bg4 Qf2 18. Nxd5 exd5 19. Qb3 Rae8 20. Bxd7 Rxe3
21. Qxd5+ Kh8 22. Qc4 Rxe2+ 23. Kd1 Rd2+ 24. Kc1 Rc2+ 0-1

[Event "XIII Konik Morski Rewala - Open B"]
[Site "Rewal"]
[Date "2008.08.23"]
[Round "5"]
[White "Czaja, Roman"]
[Black "Gluszko, Monika"]
[Result "1/2-1/2"]
[WhiteElo "2115"]
[BlackElo "1848"]
[PlyCount "73"]
[EventDate "2008.??.??"]

1. d4 Nf6 2. Nc3 d5 3. Nf3 g6 4. g3 Bg7 5. Bg2 O-O 6. O-O c5 7. e3 Nc6 8. Ne2
Bf5 9. c3 c4 10. Re1 b5 11. Ne5 Qb6 12. Nf4 Rfd8 13. Nxc6 Qxc6 14. f3 Rab8 15.
g4 Bc8 16. g5 Ne8 17. e4 dxe4 18. fxe4 e5 19. Nd5 Qd6 20. a4 a6 21. b3 Bb7 22.
Ba3 Qe6 23. axb5 axb5 24. bxc4 bxc4 25. Bc5 Bxd5 26. exd5 Qf5 27. Qd2 exd4 28.
cxd4 Rb3 29. Re3 Rdb8 30. Rae1 Rxe3 31. Qxe3 Nc7 32. d6 Ne6 33. Bh3 Qxg5+ 34.
Qxg5 Nxg5 35. Bg4 Ne6 36. d7 Bf6 37. d5 1/2-1/2

[Event "XIII Konik Morski Rewala - Open B"]
[Site "Rewal"]
[Date "2008.08.23"]
[Round "5"]
[White "Glatty, Zbigniew"]
[Black "Pienkos, Slawomir"]
[Result "0-1"]
[WhiteElo "1903"]
[BlackElo "2026"]
[PlyCount "36"]
[EventDate "2008.??.??"]

1. e4 g6 2. d4 Bg7 3. Nc3 d6 4. f4 Nf6 5. Nf3 O-O 6. Bd3 Nc6 7. h3 e5 8. Be3
exd4 9. Nxd4 Nxd4 10. Bxd4 Nh5 11. Be3 Qh4+ 12. Bf2 Qxf4 13. O-O Be5 14. Re1
Qh2+ 15. Kf1 Nf4 16. Qf3 Nxg2 17. Bg1 Nxe1 18. Rxe1 Bxh3+ 0-1